South Eastern Kenya University

Library Online Public Access Catalogue


Elementary electrochemistry (Record no. 2136)

MARC details
000 -LEADER
fixed length control field 00391nam a2200157 4500
020 ## - ISBN
International Standard Book Number 040870070X
050 00 - LIBRARY OF CONGRESS CALL NUMBER
Classification Number QD553
Item Number .D44 1971
100 1# - MAIN ENTRY--Author
Personal name Denaro, A. R.
245 10 - TITLE
Title Elementary electrochemistry
Statement of responsibility, etc [by] A. R. Denaro.
250 ## - EDITIONSTATEMENT
Edition statement 2nd ed.
260 ## - PUBLICATION, DISTRIBUTION, ETC.(IMPRINT)
Place of publication, distribution, etc London,
Name of publisher, distributor, etc Butterworths,
Date of publication, distribution, etc 1971.
300 ## - PHYSICAL DESCRIPTION
Extent viii, 246 p.
500 ## - GENERALNOTE
General note Includes index.
650 #0 - SUBJECT--TOPIC
General subdivision electrochemistry
942 ## - ADDED ENTRY ELEMENTS(KOHA)
Koha item type General circulation
Holdings
Source of classification or shelving scheme Not for loan Location (home branch) Sublocation (holding branch) Date accessioned Cost, normal purchase price Full call number Barcode Cost, replacement price Koha item type Public note
Library of Congress Classification   Main Campus Library Main Campus Library 27/08/2014 176.00 QD553 .D44 1971 001436 676.00 General circulation jm
Kitui, Kenya.
+254736116989
library@seku.ac.ke